[Event "Ste Foy Botwinnik"]
[Site "Ste Foy CAN"]
[Date "2017.02.20"]
[Round "2"]
[White "Garneau, Benoit"]
[Black "Beauchesne, Jonathan"]
[Result "1/2-1/2"]
[WhiteElo "1797"]
[BlackElo "1840"]
[WhiteFideId "-1"]
[WhiteFideId "-1"]
[PlyCount "40"]
[GameId "2160767908338690"]
[EventDate "2017.09.09"]
[EventType "swiss"]
[EventRounds "5"]
[EventCountry "CAN"]
[SourceTitle "EXT 2022"]
[Source "ChessBase"]
[SourceDate "2021.10.06"]
[SourceVersion "1"]
[SourceVersionDate "2021.10.06"]
[SourceQuality "1"]

1. Nf3 Nf6 2. g3 g6 3. c4 Bg7 4. Bg2 O-O 5. O-O d6 6. Nc3 Nbd7 7. d4 e5 8. d5 Re8 9. e4 Nc5 10. Re1 a5 11. Nh4 Bd7 12. b3 h6 13. Rb1 Nh7 14. Be3 b6 15. Rc1 Ng5 16. Qd2 Bf6 17. Kh1 h5 18. f3 Nh7 19. Bf2 Bg5 20. Be3 Bxe3 1/2-1/2

[Event "Ste Foy Botwinnik"]
[Site "Ste Foy CAN"]
[Date "2017.02.20"]
[Round "2"]
[White "Laprade, Jean Jr"]
[Black "Pouliot, Lewis"]
[Result "1-0"]
[WhiteElo "1635"]
[BlackElo "1463"]
[WhiteFideId "-1"]
[WhiteFideId "-1"]
[PlyCount "61"]
[GameId "2160767908338691"]
[EventDate "2017.09.09"]
[EventType "swiss"]
[EventRounds "5"]
[EventCountry "CAN"]
[SourceTitle "EXT 2022"]
[Source "ChessBase"]
[SourceDate "2021.10.06"]
[SourceVersion "1"]
[SourceVersionDate "2021.10.06"]
[SourceQuality "1"]

1. e4 c6 2. d4 d5 3. Nc3 a6 4. e5 Bf5 5. Bd3 Bxd3 6. Qxd3 e6 7. Nf3 c5 8. O-O cxd4 9. Nxd4 Nc6 10. Nxc6 bxc6 11. b3 Ne7 12. Bb2 Nf5 13. Ne2 Be7 14. Ng3 Nxg3 15. hxg3 Qb6 16. Kh2 h5 17. Bd4 Bc5 18. c3 h4 19. g4 Bxd4 20. Qxd4 Qxd4 21. cxd4 g5 22. Rac1 Kd7 23. Rc3 Rhc8 24. Rfc1 a5 25. Rf1 Ra6 26. f4 Ke7 27. fxg5 Rg8 28. Rcf3 Raa8 29. Rxf7+ Ke8 30. R7f6 Kd7 31. g6 1-0

[Event "Ste Foy Botwinnik"]
[Site "Ste Foy CAN"]
[Date "2017.02.20"]
[Round "2"]
[White "Marquis, Paul"]
[Black "Laflamme, Simon"]
[Result "1-0"]
[WhiteElo "1916"]
[BlackElo "1823"]
[WhiteFideId "-1"]
[WhiteFideId "-1"]
[PlyCount "81"]
[GameId "2160767908338692"]
[EventDate "2017.09.09"]
[EventType "swiss"]
[EventRounds "5"]
[EventCountry "CAN"]
[SourceTitle "EXT 2022"]
[Source "ChessBase"]
[SourceDate "2021.10.06"]
[SourceVersion "1"]
[SourceVersionDate "2021.10.06"]
[SourceQuality "1"]

1. c4 c5 2. Nc3 Nf6 3. g3 d5 4. cxd5 Nxd5 5. Bg2 Nc7 6. Qb3 e5 7. Bxb7 c4 8. Qa4+ Bd7 9. Qxc4 Be6 10. Qe4 f5 11. Qa4+ Nd7 12. Bxa8 Qxa8 13. Nf3 Bc5 14. O-O O-O 15. Ng5 Nb6 16. Qa5 Bd4 17. Nxe6 Nxe6 18. d3 f4 19. Ne4 Nd5 20. Qa6 Bb6 21. Bd2 Nd4 22. Rae1 Nf6 23. Ba5 Nxe4 24. dxe4 Qxe4 25. Bxb6 axb6 26. f3 Qg6 27. Qc4+ Kh8 28. g4 h5 29. Rf2 hxg4 30. Rg2 g3 31. Rc1 b5 32. Qc5 Nf5 33. Qxf8+ Kh7 34. Rc8 gxh2+ 35. Kxh2 Qh6+ 36. Kg1 Qb6+ 37. Rf2 Qg6+ 38. Rg2 Qb6+ 39. Qc5 Qa5 40. Rh2+ Nh6 41. Qc2+ 1-0

[Event "Ste Foy Botwinnik"]
[Site "Ste Foy CAN"]
[Date "2017.02.20"]
[Round "2"]
[White "Tremblay-Alix, Eric"]
[Black "Bluteau, Yvon"]
[Result "0-1"]
[WhiteElo "1840"]
[BlackElo "1904"]
[WhiteFideId "-1"]
[WhiteFideId "-1"]
[PlyCount "142"]
[GameId "2160767908338693"]
[EventDate "2017.09.09"]
[EventType "swiss"]
[EventRounds "5"]
[EventCountry "CAN"]
[SourceTitle "EXT 2022"]
[Source "ChessBase"]
[SourceDate "2021.10.06"]
[SourceVersion "1"]
[SourceVersionDate "2021.10.06"]
[SourceQuality "1"]

1. c4 Nf6 2. g3 g6 3. Bg2 Bg7 4. d4 O-O 5. Nf3 d5 6. b3 c6 7. O-O Ne4 8. Bb2 Bf5 9. cxd5 cxd5 10. Nh4 Qd7 11. Nxf5 Qxf5 12. f3 Nf6 13. e4 Qd7 14. e5 Ne8 15. Qd2 Nc6 16. Nc3 Nc7 17. Rae1 e6 18. Ne2 Rac8 19. Bh3 Na6 20. a3 Ne7 21. g4 Qb5 22. b4 Rc4 23. f4 Rfc8 24. Nc3 Qd7 25. Re3 Nc7 26. Rg3 Nb5 27. f5 Nxc3 28. Bxc3 Nc6 29. Rgf3 Nd8 30. fxe6 fxe6 31. Qf2 Qe7 32. Bd2 h6 33. Qe3 b5 34. Rf6 Qe8 35. Qd3 Kh7 36. g5 h5 37. R6f4 R8c7 38. Rh4 Kg8 39. Bg2 Bxe5 40. dxe5 Rxh4 41. Rf6 Rg7 42. Bf4 Kh7 43. Bf3 Kg8 44. Kg2 Qe7 45. Kg3 Rxf4 46. Kxf4 Qe8 47. Bd1 a6 48. Bc2 Nc6 49. Qc3 Nb8 50. Qc5 Nd7 51. Qd6 Nxf6 52. gxf6 g5+ 53. Kg3 Rd7 54. Qxa6 Rc7 55. Bb1 Qc6 56. Qxc6 Rxc6 57. Bg6 Rc3+ 58. Kg2 h4 59. Be8 Rxa3 60. Bxb5 Kf7 61. Kf2 Rb3 62. Be2 Rxb4 63. Bh5+ Kf8 64. Bg6 g4 65. Ke3 Rb3+ 66. Kf2 Rb2+ 67. Kg1 Re2 68. Bh5 Rxe5 69. Bxg4 Rg5 70. h3 Kf7 71. Kf2 Rxg4 0-1

[Event "Ste Foy Botwinnik"]
[Site "Ste Foy CAN"]
[Date "2017.09.16"]
[Round "2"]
[White "Fecteau, Martin"]
[Black "Desbiens, Raphael"]
[Result "0-1"]
[WhiteElo "1961"]
[BlackElo "1936"]
[WhiteFideId "-1"]
[WhiteFideId "-1"]
[PlyCount "144"]
[GameId "2160767908338694"]
[EventDate "2017.09.09"]
[EventType "swiss"]
[EventRounds "5"]
[EventCountry "CAN"]
[SourceTitle "EXT 2022"]
[Source "ChessBase"]
[SourceDate "2021.10.06"]
[SourceVersion "1"]
[SourceVersionDate "2021.10.06"]
[SourceQuality "1"]

1. Nf3 Nf6 2. c4 g6 3. g3 Bg7 4. Bg2 O-O 5. O-O d5 6. cxd5 Qxd5 7. Nc3 Qh5 8. d3 Bh3 9. Qb3 Bxg2 10. Kxg2 b6 11. Qc4 c6 12. Rb1 Qf5 13. Bf4 Nd5 14. Bd2 Qd7 15. Rfc1 Nxc3 16. Bxc3 Bxc3 17. Rxc3 c5 18. b4 Rc8 19. b5 Qd6 20. Ng5 Qf6 21. Qd5 Nd7 22. Ne4 Qf5 23. Qxf5 gxf5 24. Ng5 a6 25. a4 axb5 26. axb5 Kg7 27. Nf3 Ra2 28. e3 Nf6 29. h3 Nd5 30. Rcc1 Nxe3+ 31. Kg1 Nd5 32. Ne5 Rd2 33. Rb3 Ra8 34. Nf3 Re2 35. d4 c4 36. Rxc4 Ra1+ 37. Kg2 Raa2 38. Rc1 Rxf2+ 39. Kh1 Rae2 40. Nh4 Kf6 41. Rf3 Rxf3 42. Nxf3 Rb2 43. Rc8 Kg7 44. h4 Rxb5 45. Kg2 Ne3+ 46. Kf2 Ng4+ 47. Ke2 Rb3 48. Ne5 Nxe5 49. dxe5 Rxg3 50. Rc6 Rg4 51. Rxb6 Rxh4 52. Kf3 Re4 53. Rb5 e6 54. Kg3 h5 55. Kf3 Kg6 56. Ra5 h4 57. Rb5 h3 58. Kg3 Re3+ 59. Kh2 f4 60. Rb1 Kf5 61. Rb7 Kxe5 62. Rxf7 Ke4 63. Rh7 Kd3 64. Ra7 e5 65. Ra3+ Ke2 66. Ra2+ Kf3 67. Kxh3 e4 68. Kh4 Re2 69. Ra8 Rg2 70. Kh3 e3 71. Ra3 Rg3+ 72. Kh2 Kf2 0-1

[Event "Ste Foy Botwinnik"]
[Site "Ste Foy CAN"]
[Date "2017.09.16"]
[Round "2"]
[White "Laflamme, Simon"]
[Black "L'Heureux, Clement"]
[Result "1-0"]
[WhiteElo "1805"]
[BlackElo "1947"]
[WhiteFideId "-1"]
[WhiteFideId "-1"]
[PlyCount "83"]
[GameId "2160767908338695"]
[EventDate "2017.09.09"]
[EventType "swiss"]
[EventRounds "5"]
[EventCountry "CAN"]
[SourceTitle "EXT 2022"]
[Source "ChessBase"]
[SourceDate "2021.10.06"]
[SourceVersion "1"]
[SourceVersionDate "2021.10.06"]
[SourceQuality "1"]

1. d4 Nf6 2. c4 c5 3. d5 e6 4. Nc3 exd5 5. cxd5 d6 6. Nf3 g6 7. Bf4 a6 8. a4 Bg7 9. h3 O-O 10. e3 Re8 11. Bd3 Qc7 12. O-O Nbd7 13. Nd2 Nh5 14. Bh2 Ne5 15. Be2 Nf6 16. f4 Ned7 17. e4 Rf8 18. Nc4 Ne8 19. Qd2 Bd4+ 20. Kh1 f6 21. Bd3 Rb8 22. a5 b5 23. axb6 Nxb6 24. Ne3 Bxe3 25. Qxe3 c4 26. Be2 Ng7 27. g4 Re8 28. Qd4 Nd7 29. Ra2 Rb4 30. Bf3 Qc5 31. Qd2 Rb3 32. Bd1 Rb8 33. Ba4 Re7 34. Bxd7 Rxd7 35. e5 f5 36. gxf5 gxf5 37. e6 Re7 38. Bg1 Qb4 39. Bd4 Bb7 40. Kh2 Bc8 41. Rg1 h6 42. Bf6 1-0

[Event "Ste Foy Botwinnik"]
[Site "Ste Foy CAN"]
[Date "2017.09.16"]
[Round "2"]
[White "Poliquin, Yvone"]
[Black "Chouinard, Etienne"]
[Result "1-0"]
[WhiteElo "1943"]
[BlackElo "1860"]
[WhiteFideId "-1"]
[WhiteFideId "-1"]
[PlyCount "77"]
[GameId "2160767908338696"]
[EventDate "2017.09.09"]
[EventType "swiss"]
[EventRounds "5"]
[EventCountry "CAN"]
[SourceTitle "EXT 2022"]
[Source "ChessBase"]
[SourceDate "2021.10.06"]
[SourceVersion "1"]
[SourceVersionDate "2021.10.06"]
[SourceQuality "1"]

1. e4 e5 2. Nf3 Nc6 3. d4 exd4 4. Nxd4 Bc5 5. Be3 Qf6 6. Nb5 Bxe3 7. fxe3 Qe5 8. Nd2 Kd8 9. Nc3 Nh6 10. Nf3 Qc5 11. Qd2 Re8 12. O-O-O Ng4 13. Nd4 a6 14. Qe1 Qg5 15. Nf5 g6 16. h3 Nge5 17. Nd4 Nxd4 18. Rxd4 d6 19. Kb1 Be6 20. Nd5 Nc6 21. Qc3 Bxd5 22. Rxd5 Re5 23. h4 Qg4 24. Bd3 Kd7 25. Rf1 Rf8 26. Qd2 Qxh4 27. Rd1 Rxd5 28. exd5 Ne5 29. e4 Nxd3 30. cxd3 f5 31. Qb4 Kc8 32. Rc1 fxe4 33. Qxd6 Qd8 34. Rxc7+ Qxc7 35. Qxf8+ Kd7 36. Qf7+ Kd6 37. Qxc7+ Kxc7 38. dxe4 h5 39. Kc2 1-0

[Event "Ste Foy Botwinnik"]
[Site "Ste Foy CAN"]
[Date "2017.09.16"]
[Round "2"]
[White "Sauve, Richard"]
[Black "Lessard, Claude"]
[Result "1-0"]
[WhiteElo "1891"]
[BlackElo "2124"]
[WhiteFideId "-1"]
[WhiteFideId "-1"]
[PlyCount "43"]
[GameId "2160767908338697"]
[EventDate "2017.09.09"]
[EventType "swiss"]
[EventRounds "5"]
[EventCountry "CAN"]
[SourceTitle "EXT 2022"]
[Source "ChessBase"]
[SourceDate "2021.10.06"]
[SourceVersion "1"]
[SourceVersionDate "2021.10.06"]
[SourceQuality "1"]

1. d4 Nf6 2. c4 c5 3. d5 b5 4. cxb5 e6 5. Nc3 exd5 6. Nxd5 Bb7 7. e4 Nxd5 8. exd5 d6 9. Nf3 Be7 10. Bc4 Nd7 11. O-O O-O 12. Bf4 Nb6 13. b3 a6 14. bxa6 Bxa6 15. Qc2 g5 16. Bd2 Nxc4 17. bxc4 f5 18. h3 g4 19. hxg4 fxg4 20. Nh2 Bc8 21. Bc3 h5 22. Qg6# 1-0

[Event "Ste Foy Botwinnik"]
[Site "Ste Foy CAN"]
[Date "2017.02.27"]
[Round "3"]
[White "Beauchesne, Jonathan"]
[Black "Gaulin, Elie"]
[Result "1-0"]
[WhiteElo "1840"]
[BlackElo "1116"]
[WhiteFideId "-1"]
[WhiteFideId "-1"]
[PlyCount "41"]
[GameId "2160767908338698"]
[EventDate "2017.09.09"]
[EventType "swiss"]
[EventRounds "5"]
[EventCountry "CAN"]
[SourceTitle "EXT 2022"]
[Source "ChessBase"]
[SourceDate "2021.10.06"]
[SourceVersion "1"]
[SourceVersionDate "2021.10.06"]
[SourceQuality "1"]

1. e4 e5 2. Nf3 Nc6 3. d3 Nf6 4. g3 h6 5. Bg2 Bc5 6. h3 d6 7. O-O Be6 8. c3 Bb6 9. Qe2 Qd7 10. Kh2 O-O-O 11. b4 Ne7 12. a4 a5 13. Be3 Bxe3 14. Qxe3 axb4 15. cxb4 Qc6 16. Rc1 Qa6 17. Nc3 Bd7 18. Nd2 Qb6 19. Qxb6 cxb6 20. Nd5+ Kb8 21. Nxe7 1-0

[Event "Ste Foy Botwinnik"]
[Site "Ste Foy CAN"]
[Date "2017.02.27"]
[Round "3"]
[White "Bluteau, Yvon"]
[Black "Marquis, Paul"]
[Result "0-1"]
[WhiteElo "1904"]
[BlackElo "1916"]
[WhiteFideId "-1"]
[WhiteFideId "-1"]
[PlyCount "80"]
[GameId "2160767908338699"]
[EventDate "2017.09.09"]
[EventType "swiss"]
[EventRounds "5"]
[EventCountry "CAN"]
[SourceTitle "EXT 2022"]
[Source "ChessBase"]
[SourceDate "2021.10.06"]
[SourceVersion "1"]
[SourceVersionDate "2021.10.06"]
[SourceQuality "1"]

1. Nf3 Nf6 2. g3 g6 3. Bg2 Bg7 4. d3 O-O 5. O-O d6 6. e4 c5 7. Nbd2 Nc6 8. h3 e5 9. Re1 h6 10. Nf1 Be6 11. Bd2 Qd7 12. Kh2 Kh7 13. Ne3 Ng8 14. Nh4 Nge7 15. g4 Bf6 16. Nf3 Bg5 17. Nd5 f6 18. Nxg5+ fxg5 19. Be3 Rf7 20. c3 Raf8 21. Qe2 Kg7 22. Rh1 Rh8 23. Raf1 h5 24. Bxg5 hxg4 25. h4 Ng8 26. Qe3 Nce7 27. d4 Bxd5 28. exd5 Nf5 29. Qe4 cxd4 30. Qxg4 Nxh4 31. Qxd7 Rxd7 32. Bxh4 Rxh4+ 33. Kg3 Rxh1 34. Rxh1 dxc3 35. bxc3 Rc7 36. Rc1 Nf6 37. c4 b5 38. f4 Nh5+ 39. Kg4 Nxf4 40. Be4 Rxc4 0-1

[Event "Ste Foy Botwinnik"]
[Site "Ste Foy CAN"]
[Date "2017.02.27"]
[Round "3"]
[White "Potvin, Alain-Nicolas"]
[Black "Laprade, Jean Jr"]
[Result "0-1"]
[WhiteElo "1764"]
[BlackElo "1635"]
[WhiteFideId "-1"]
[WhiteFideId "-1"]
[PlyCount "150"]
[GameId "2160767908338700"]
[EventDate "2017.09.09"]
[EventType "swiss"]
[EventRounds "5"]
[EventCountry "CAN"]
[SourceTitle "EXT 2022"]
[Source "ChessBase"]
[SourceDate "2021.10.06"]
[SourceVersion "1"]
[SourceVersionDate "2021.10.06"]
[SourceQuality "1"]

1. d4 Nf6 2. Nf3 d5 3. e3 e6 4. Bd3 c5 5. b3 Nc6 6. a3 Bd6 7. Bb2 O-O 8. Ne5 Qc7 9. f4 cxd4 10. exd4 Ne7 11. O-O Ne4 12. Nd2 f5 13. c4 Ng6 14. Rc1 Bxe5 15. dxe5 Qb6+ 16. c5 Qc7 17. b4 Bd7 18. Bd4 a6 19. Be3 Ne7 20. Nf3 Rfc8 21. Nd4 Nc6 22. g4 Nxd4 23. Bxd4 g6 24. g5 Qd8 25. h4 Qe8 26. Rf3 Kg7 27. Kg2 Qe7 28. Rh3 Rh8 29. Qe2 Qe8 30. Rch1 Bc6 31. h5 Qf7 32. h6+ Kf8 33. Qa2 Qd7 34. Rb1 Ke7 35. Be2 Rhc8 36. Bd1 Bb5 37. Bb3 Bc6 38. a4 Qe8 39. Bd1 Qd7 40. Ra3 Qe8 41. Be2 Qd7 42. b5 axb5 43. Bxb5 Rcb8 44. Bxc6 bxc6 45. a5 Rxb1 46. Qxb1 Qa7 47. Qb6 Qa6 48. Qxa6 Rxa6 49. Kf3 Kd7 50. Ke2 Kc7 51. Kd3 Kd7 52. Bc3 Kc7 53. Be1 Nxc5+ 54. Kd4 Ne4 55. Bb4 Kd7 56. Rb3 Kc7 57. Rb2 Kd7 58. Be1 Kc7 59. Rb1 c5+ 60. Kd3 c4+ 61. Kd4 c3 62. Ra1 c2 63. Rc1 Rc6 64. Bb4 Kb7 65. Bd6 Ka6 66. Bb4 Rc4+ 67. Kd3 Rxb4 68. Rxc2 Rb3+ 69. Ke2 d4 70. Rc6+ Kxa5 71. Rxe6 Re3+ 72. Kd1 d3 73. Re7 d2 74. Rd7 Re1+ 75. Kc2 Rc1+ 0-1

[Event "Ste Foy Botwinnik"]
[Site "Ste Foy CAN"]
[Date "2017.09.23"]
[Round "3"]
[White "Chabot, Michelin"]
[Black "Fecteau, Martin"]
[Result "0-1"]
[WhiteElo "1590"]
[BlackElo "1961"]
[WhiteFideId "-1"]
[WhiteFideId "-1"]
[PlyCount "78"]
[GameId "2160767908338701"]
[EventDate "2017.09.09"]
[EventType "swiss"]
[EventRounds "5"]
[EventCountry "CAN"]
[SourceTitle "EXT 2022"]
[Source "ChessBase"]
[SourceDate "2021.10.06"]
[SourceVersion "1"]
[SourceVersionDate "2021.10.06"]
[SourceQuality "1"]

1. e4 c5 2. Nf3 d6 3. c4 Nc6 4. h3 g6 5. Nc3 Bg7 6. a3 e6 7. d3 Nge7 8. Bf4 O-O 9. Rb1 a6 10. Be2 Nd4 11. O-O Nec6 12. Re1 b5 13. Nxd4 Nxd4 14. Bf1 Rb8 15. Bd2 b4 16. Ne2 Nc6 17. axb4 cxb4 18. b3 Bd7 19. Be3 a5 20. d4 Qc7 21. d5 exd5 22. cxd5 Na7 23. Rc1 Qb7 24. Nd4 Rfc8 25. Bc4 Nb5 26. Nxb5 Bxb5 27. Bd4 Bh6 28. Rc2 Bxc4 29. bxc4 b3 30. Rc3 a4 31. Qf3 Bg7 32. Bxg7 Kxg7 33. Qf4 Qb4 34. Qe3 Rxc4 35. Rxc4 Qxc4 36. Rc1 Qb4 37. Qe2 b2 38. Rb1 a3 39. Qc2 a2 0-1

[Event "Ste Foy Botwinnik"]
[Site "Ste Foy CAN"]
[Date "2017.09.23"]
[Round "3"]
[White "Chouinard, Etienne"]
[Black "Stoyanova, Stela"]
[Result "1-0"]
[WhiteElo "1860"]
[BlackElo "1629"]
[WhiteFideId "-1"]
[WhiteFideId "-1"]
[PlyCount "123"]
[GameId "2160767908338702"]
[EventDate "2017.09.09"]
[EventType "swiss"]
[EventRounds "5"]
[EventCountry "CAN"]
[SourceTitle "EXT 2022"]
[Source "ChessBase"]
[SourceDate "2021.10.06"]
[SourceVersion "1"]
[SourceVersionDate "2021.10.06"]
[SourceQuality "1"]

1. d4 e6 2. c4 d5 3. Nc3 c5 4. e3 cxd4 5. exd4 Nf6 6. Nf3 Nc6 7. Be3 a6 8. a3 Bd7 9. cxd5 exd5 10. Bd3 h6 11. h3 b5 12. O-O Be6 13. Rc1 Rc8 14. Re1 Be7 15. Nxb5 axb5 16. Bxb5 Bd7 17. Bxc6 Rxc6 18. Rxc6 Bxc6 19. Ne5 Bd7 20. Qe2 O-O 21. Bxh6 gxh6 22. Nxd7 Qxd7 23. Qxe7 Qxe7 24. Rxe7 Rc8 25. b4 Rc4 26. b5 Rxd4 27. b6 Rd1+ 28. Kh2 Rb1 29. b7 Kf8 30. Rc7 Kg7 31. a4 d4 32. a5 d3 33. a6 d2 34. a7 d1=Q 35. b8=Q Qg1+ 36. Kg3 Ne4+ 37. Kf4 Qxf2+ 38. Kxe4 Re1+ 39. Kd5 Qd2+ 40. Kc6 Rc1+ 41. Kb7 Qxg2+ 42. Ka6 Qe2+ 43. Kb7 Rb1+ 44. Ka8 Qg2+ 45. Rb7 Re1 46. Qc8 Rg1 47. Qf5 Rf1 48. Qg4+ Qxg4 49. hxg4 Kg6 50. Rb4 Re1 51. Kb7 Re7+ 52. Ka6 Re1 53. Kb5 Re8 54. Kc6 h5 55. gxh5+ Kxh5 56. Rb8 Re6+ 57. Kd5 Ra6 58. a8=Q Rxa8 59. Rxa8 Kg5 60. Ke4 Kf6 61. Kf4 Kg6 62. Ra6+ 1-0

[Event "Ste Foy Botwinnik"]
[Site "Ste Foy CAN"]
[Date "2017.09.23"]
[Round "3"]
[White "Desbiens, Raphael"]
[Black "Laflamme, Simon"]
[Result "0-1"]
[WhiteElo "1936"]
[BlackElo "1805"]
[WhiteFideId "-1"]
[WhiteFideId "-1"]
[PlyCount "106"]
[GameId "2160767908338703"]
[EventDate "2017.09.09"]
[EventType "swiss"]
[EventRounds "5"]
[EventCountry "CAN"]
[SourceTitle "EXT 2022"]
[Source "ChessBase"]
[SourceDate "2021.10.06"]
[SourceVersion "1"]
[SourceVersionDate "2021.10.06"]
[SourceQuality "1"]

1. e4 Nf6 2. e5 Nd5 3. d4 d6 4. c4 Nb6 5. f4 dxe5 6. fxe5 Nc6 7. Be3 Bf5 8. Nf3 e6 9. Nc3 Be7 10. Be2 O-O 11. O-O f6 12. exf6 Bxf6 13. Qd2 Qe7 14. a4 Na5 15. Qd1 Nbxc4 16. Bc1 Qb4 17. Na2 Qb3 18. Qe1 Nc6 19. Bf4 Nxd4 20. Bxc4 Nxf3+ 21. Rxf3 Qxc4 22. Nc3 Bg4 23. Rf1 Bxc3 24. Qxc3 Rxf4 25. Rxf4 Qxf4 26. Rf1 Qd6 27. h3 Bf5 28. a5 Rd8 29. Qf3 Qd5 30. Qh5 Qc5+ 31. Kh1 Qb5 32. Rd1 Rxd1+ 33. Qxd1 Qd5 34. Qh5 g6 35. Qh4 Be4 36. Qg3 Qd1+ 37. Kh2 Qd6 38. Qxd6 cxd6 39. Kg3 Kf7 40. b4 Kf6 41. Kf4 Bxg2 42. Ke3 Bxh3 43. Kf2 Ke5 44. b5 Kd4 45. b6 axb6 46. axb6 Kc3 47. Kg1 d5 48. Kf2 d4 49. Kg3 d3 50. Kf2 d2 51. Ke3 d1=Q 52. Kf2 Bg4 53. Ke3 Qd4# 0-1

[Event "Ste Foy Botwinnik"]
[Site "Ste Foy CAN"]
[Date "2017.09.23"]
[Round "3"]
[White "Sarra-Bournet, Marc"]
[Black "Lessard, Claude"]
[Result "0-1"]
[WhiteElo "1767"]
[BlackElo "2124"]
[WhiteFideId "-1"]
[WhiteFideId "-1"]
[PlyCount "100"]
[GameId "2160767908338704"]
[EventDate "2017.09.09"]
[EventType "swiss"]
[EventRounds "5"]
[EventCountry "CAN"]
[SourceTitle "EXT 2022"]
[Source "ChessBase"]
[SourceDate "2021.10.06"]
[SourceVersion "1"]
[SourceVersionDate "2021.10.06"]
[SourceQuality "1"]

1. e4 c6 2. d4 d5 3. Nc3 dxe4 4. Nxe4 Nf6 5. Nxf6+ gxf6 6. Be3 Qb6 7. Qc1 Bf5 8. c3 Qc7 9. Qd2 Nd7 10. Bd3 Bxd3 11. Qxd3 O-O-O 12. O-O-O e6 13. Ne2 Ne5 14. Qe4 Nc4 15. Bf4 Qa5 16. Kb1 Qb6 17. b3 Na3+ 18. Ka1 f5 19. Qd3 Rg8 20. g3 c5 21. Rc1 c4 22. bxc4 Qa6 23. Rhd1 Nxc4 24. Rb1 Qc6 25. Rb3 Be7 26. h4 b6 27. Rc1 Kb7 28. Rd1 Rd7 29. Bc1 Rc8 30. f4 Ka8 31. Ng1 Na5 32. Bb2 Nxb3+ 33. axb3 Rd5 34. c4 Ra5+ 35. Kb1 Qe4 36. Nf3 f6 37. Bc3 Ra3 38. Kb2 Ra6 39. d5 Ba3+ 40. Kc2 exd5 41. Bxf6 b5 42. Be5 bxc4 43. Qxe4 cxb3+ 44. Kxb3 fxe4 45. Nd4 Be7 46. Nf5 Rb6+ 47. Ka2 Rc5 48. Bb2 Bf6 49. Rd2 Ra5+ 50. Kb1 Rab5 0-1

[Event "Ste Foy Botwinnik"]
[Site "Ste Foy CAN"]
[Date "2017.09.23"]
[Round "3"]
[White "Sauve, Richard"]
[Black "Poliquin, Yvone"]
[Result "1-0"]
[WhiteElo "1891"]
[BlackElo "1943"]
[WhiteFideId "-1"]
[WhiteFideId "-1"]
[PlyCount "117"]
[GameId "2160767908338705"]
[EventDate "2017.09.09"]
[EventType "swiss"]
[EventRounds "5"]
[EventCountry "CAN"]
[SourceTitle "EXT 2022"]
[Source "ChessBase"]
[SourceDate "2021.10.06"]
[SourceVersion "1"]
[SourceVersionDate "2021.10.06"]
[SourceQuality "1"]

1. d4 e6 2. c4 f5 3. g3 Nf6 4. Bg2 Be7 5. Nf3 d6 6. b3 O-O 7. O-O Ne4 8. Bb2 Qe8 9. Nfd2 Nxd2 10. Qxd2 Nd7 11. e4 fxe4 12. Bxe4 Nf6 13. Bg2 Qh5 14. Nc3 c6 15. Ne4 Bd7 16. Rad1 Nxe4 17. Bxe4 d5 18. Bg2 Rf6 19. f4 Raf8 20. Bf3 Qf7 21. Bg2 Kh8 22. Qe2 Bd6 23. c5 Bc7 24. b4 h5 25. Bf3 Rh6 26. Bc1 Rh7 27. Qg2 g6 28. Rde1 Qg7 29. Bb2 Kg8 30. Be2 Rf6 31. Bd3 Qf8 32. Qc2 Rg7 33. Bc1 Be8 34. a4 Kh7 35. Re2 Bd7 36. Rfe1 Kg8 37. Bd2 Rgf7 38. Bxg6 Rg7 39. Bxh5 Bxf4 40. Bxf4 Rxf4 41. Rf2 Rg5 42. Re5 Rxe5 43. Rxf4 Rf5 44. Qf2 Qh6 45. Bd1 Rxf4 46. Qxf4 Qxf4 47. gxf4 Be8 48. Kf2 Kg7 49. Bc2 Kf6 50. Kg3 Bh5 51. Kf2 Bg4 52. b5 cxb5 53. axb5 Ke7 54. Bd3 Bd1 55. Kg3 Kf6 56. c6 bxc6 57. bxc6 Ke7 58. Bb5 a5 59. c7 1-0

[Event "Ste Foy Botwinnik"]
[Site "Ste Foy CAN"]
[Date "2017.03.06"]
[Round "4"]
[White "Bluteau, Yvon"]
[Black "Fecteau, Martin"]
[Result "0-1"]
[WhiteElo "1904"]
[BlackElo "1880"]
[WhiteFideId "-1"]
[WhiteFideId "-1"]
[PlyCount "66"]
[GameId "2160767908338706"]
[EventDate "2017.09.09"]
[EventType "swiss"]
[EventRounds "5"]
[EventCountry "CAN"]
[SourceTitle "EXT 2022"]
[Source "ChessBase"]
[SourceDate "2021.10.06"]
[SourceVersion "1"]
[SourceVersionDate "2021.10.06"]
[SourceQuality "1"]

1. Nf3 Nf6 2. g3 d5 3. Bg2 c5 4. O-O Nc6 5. d3 e6 6. Nbd2 Be7 7. Re1 O-O 8. e4 dxe4 9. Nxe4 Nxe4 10. Rxe4 f6 11. h4 e5 12. Bd2 Bf5 13. Re1 Qd7 14. Qe2 Rfe8 15. Bc3 Nd4 16. Bxd4 cxd4 17. Nh2 Bb4 18. Red1 Rac8 19. Rac1 b5 20. g4 Be6 21. Be4 Rc7 22. a3 Bd6 23. h5 Qf7 24. Nf1 Rec8 25. Ng3 g6 26. hxg6 hxg6 27. Kg2 Bf8 28. Rf1 Bh6 29. c4 Bxc1 30. Rxc1 bxc4 31. dxc4 Rxc4 32. Rxc4 Bxc4 33. Qc2 Bf1+ 0-1

[Event "Ste Foy Botwinnik"]
[Site "Ste Foy CAN"]
[Date "2017.03.06"]
[Round "4"]
[White "Laprade, Jean Jr"]
[Black "Beauchesne, Jonathan"]
[Result "0-1"]
[WhiteElo "1635"]
[BlackElo "1840"]
[WhiteFideId "-1"]
[WhiteFideId "-1"]
[PlyCount "62"]
[GameId "2160767908338707"]
[EventDate "2017.09.09"]
[EventType "swiss"]
[EventRounds "5"]
[EventCountry "CAN"]
[SourceTitle "EXT 2022"]
[Source "ChessBase"]
[SourceDate "2021.10.06"]
[SourceVersion "1"]
[SourceVersionDate "2021.10.06"]
[SourceQuality "1"]

1. e4 d6 2. d4 Nf6 3. Nc3 g6 4. f4 Bg7 5. Nf3 O-O 6. Bd3 c5 7. d5 e6 8. O-O exd5 9. exd5 a6 10. a4 Nbd7 11. a5 b5 12. Be2 Bb7 13. f5 b4 14. Na4 Nxd5 15. fxg6 hxg6 16. Bc4 N7f6 17. Bg5 Qc7 18. Qd3 Ne7 19. Nb6 Ra7 20. Nh4 Ne4 21. Bxe7 Qxe7 22. Nxg6 Qg5 23. Nf4 Bd4+ 24. Kh1 Nf2+ 25. Rxf2 Bxf2 26. Nbd5 Bd4 27. Rf1 Be5 28. Rf3 Bxf4 29. Nxf4 Bxf3 30. Qxf3 Re7 31. h3 Re5 0-1

[Event "Ste Foy Botwinnik"]
[Site "Ste Foy CAN"]
[Date "2017.09.30"]
[Round "4"]
[White "Fecteau, Martin"]
[Black "Chouinard, Etienne"]
[Result "0-1"]
[WhiteElo "1961"]
[BlackElo "1860"]
[WhiteFideId "-1"]
[WhiteFideId "-1"]
[PlyCount "54"]
[GameId "2160767908338708"]
[EventDate "2017.09.09"]
[EventType "swiss"]
[EventRounds "5"]
[EventCountry "CAN"]
[SourceTitle "EXT 2022"]
[Source "ChessBase"]
[SourceDate "2021.10.06"]
[SourceVersion "1"]
[SourceVersionDate "2021.10.06"]
[SourceQuality "1"]

1. Nf3 Nc6 2. d4 d5 3. g3 Bf5 4. Bg2 Qd7 5. h4 O-O-O 6. c3 f6 7. b4 Kb8 8. a4 e6 9. Nbd2 Nge7 10. Nb3 a6 11. Nc5 Qc8 12. Nd2 b6 13. Ncb3 Na7 14. Nf3 Nec6 15. h5 h6 16. Nh4 Bh7 17. Ng6 Bxg6 18. hxg6 Ne7 19. Qd3 f5 20. c4 Nxg6 21. c5 b5 22. axb5 Nxb5 23. Bd2 c6 24. g4 Be7 25. gxf5 Nh4 26. Qg3+ Qc7 27. Bf4 Nxg2+ 0-1